[Event "Rottach Egern Seniors Cup 12th"]
[Site "Rottach Egern"]
[Date "2024.04.07"]
[Round "2"]
[White "Bodemer, Wolfgang"]
[Black "Bertram, Thomas"]
[Result "1-0"]
[WhiteElo "1867"]
[BlackElo "1754"]
[PlyCount "47"]
[EventDate "2024.04.06"]
[EventType "swiss"]
[EventRounds "9"]
[EventCountry "GER"]
[SourceTitle "CBM 219 Extra"]
[Source "ChessBase"]
[SourceDate "2024.05.31"]
[SourceVersion "1"]
[SourceVersionDate "2024.05.31"]
[SourceQuality "1"]

1. d4 Nf6 2. c4 d5 3. Nc3 e6 4. cxd5 exd5 5. Nf3 Nc6 6. Bg5 Be7 7. e3 0-0 8. Be2 a6 9. 0-0 h6 10. Bh4 Bf5 11. Bxf6 Bxf6 12. Qb3 Be6 13. Qxb7 Na5 14. Qb4 c5 15. Qa4 c4 16. Qc2 Rb8 17. b3 cxb3 18. axb3 Nxb3 19. Rxa6 Qc8 20. Ra3 Bf5 21. Bd3 Bxd3 22. Qxd3 Be7 23. Ra2 Ra8 24. Nxd5 1-0

[Event "Altenkirchen Seniors op 19th"]
[Site "Altenkirchen"]
[Date "2022.07.26"]
[Round "8"]
[White "Bertram, Thomas"]
[Black "Hotz, Herbert"]
[Result "0-1"]
[WhiteElo "1727"]
[BlackElo "1513"]
[PlyCount "88"]
[EventDate "2022.07.19"]
[EventType "swiss"]
[EventRounds "9"]
[EventCountry "GER"]
[SourceTitle "CBM 209 Extra"]
[Source "ChessBase"]
[SourceDate "2022.09.30"]
[SourceVersion "1"]
[SourceVersionDate "2022.09.30"]
[SourceQuality "1"]

1. e4 c6 2. d4 d5 3. e5 Bf5 4. g4 Be4 5. f3 Bg6 6. h4 h5 7. g5 e6 8. Bd3 Bxd3 9. Qxd3 Ne7 10. Be3 Nf5 11. Ne2 Qc7 12. Nbc3 b5 13. g6 fxg6 14. Nf4 Qf7 15. 0-0-0 Be7 16. Rdg1 g5 17. hxg5 g6 18. Nce2 Nd7 19. Nxg6 Qxg6 20. Nf4 Qg8 21. g6 Ng7 22. Qc3 Nb8 23. a3 Kd7 24. Qd3 Na6 25. Ne2 Nc7 26. f4 a5 27. Ng3 Qf8 28. f5 exf5 29. Rf1 Nce6 30. Nxf5 Nxf5 31. Rxf5 Qg8 32. Rfxh5 Rxh5 33. Rxh5 Qg7 34. Bh6 Qg8 35. Qf5 Kc7 36. c3 Kb6 37. Qg4 c5 38. dxc5+ Bxc5 39. g7 d4 40. cxd4 Nxd4 41. Bd2 Qc4+ 42. Kb1 Qc2+ 43. Ka2 Bxa3 44. Qg6+ Qxg6 0-1

[Event "Rottach Egern Seniors Cup 10th"]
[Site "Rottach Egern"]
[Date "2022.04.02"]
[Round "8"]
[White "Bertram, Thomas"]
[Black "Spanton, Timothy"]
[Result "1/2-1/2"]
[WhiteElo "1709"]
[BlackElo "1912"]
[PlyCount "60"]
[EventDate "2022.03.26"]
[EventType "swiss"]
[EventRounds "9"]
[EventCountry "GER"]
[SourceTitle "CBM 207 Extra"]
[Source "ChessBase"]
[SourceDate "2022.05.31"]
[SourceVersion "1"]
[SourceVersionDate "2022.05.31"]
[SourceQuality "1"]

1. e4 e5 2. Bc4 Bc5 3. Nf3 Nc6 4. 0-0 Nf6 5. Nc3 Nxe4 6. Bxf7+ Kxf7 7. Nxe4 Be7 8. d4 d5 9. Neg5+ Bxg5 10. Bxg5 Qd6 11. dxe5 Nxe5 12. Bf4 Nxf3+ 13. Qxf3 Qf6 14. Qxd5+ Be6 15. Qh5+ g6 16. Qe5 Qxe5 17. Bxe5 Rhd8 18. a3 Rd2 19. Rac1 c5 20. Bf4 Re2 21. Rfe1 Rxe1+ 22. Rxe1 Bf5 23. Bg5 Re8 24. Rxe8 Kxe8 25. c3 Kd7 26. Kf1 Kd6 27. Ke2 Kd5 28. h4 Kc4 29. Kd2 a5 30. Bd8 a4 1/2-1/2

[Event "Rottach Egern Seniors Cup 10th"]
[Site "Rottach Egern"]
[Date "2022.03.28"]
[Round "3"]
[White "Stierle, Martin"]
[Black "Bertram, Thomas"]
[Result "1-0"]
[WhiteElo "1879"]
[BlackElo "1709"]
[PlyCount "37"]
[EventDate "2022.03.26"]
[EventType "swiss"]
[EventRounds "9"]
[EventCountry "GER"]
[SourceTitle "CBM 207 Extra"]
[Source "ChessBase"]
[SourceDate "2022.05.31"]
[SourceVersion "1"]
[SourceVersionDate "2022.05.31"]
[SourceQuality "1"]

1. d4 Nf6 2. c4 c5 3. d5 b5 4. cxb5 a6 5. bxa6 Bxa6 6. Nc3 g6 7. e4 Bxf1 8. Kxf1 d6 9. Nf3 Bg7 10. g3 0-0 11. Kg2 Nbd7 12. Qe2 Qb6 13. a4 Rfb8 14. Rd1 Ng4 15. Nd2 h5 16. h3 Nxf2 17. Qxf2 Bd4 18. Qe2 Ne5 19. Nb5 1-0

[Event "Rheinland Pfalz op Seniors 15th"]
[Site "Neustadt an der Weinstrasse"]
[Date "2017.07.23"]
[Round "9"]
[White "Bertram, Thomas"]
[Black "Dickel, Gisbert"]
[Result "1-0"]
[WhiteElo "1773"]
[BlackElo "1937"]
[PlyCount "53"]
[EventDate "2017.07.15"]
[EventType "swiss"]
[EventRounds "9"]
[EventCountry "GER"]
[SourceTitle "EXT 2018"]
[Source "ChessBase"]
[SourceDate "2017.10.13"]
[SourceVersion "1"]
[SourceVersionDate "2017.10.13"]
[SourceQuality "1"]

1. e4 e5 2. f4 Nf6 3. Nf3 d5 4. exd5 exf4 5. Bc4 Bd6 6. Nc3 a6 7. 0-0 0-0 8. d3 b5 9. Bb3 Bb7 10. Ng5 Nxd5 11. Nxh7 Kxh7 12. Nxd5 Qh4 13. Bxf4 Rd8 14. Rf3 Bxf4 15. Rxf4 Qh6 16. g3 Rxd5 17. Rh4 Qxh4 18. gxh4 Rf5 19. Qg4 Rf6 20. h5 Bf3 21. Qg5 c6 22. Re1 Ra7 23. c3 Rd7 24. d4 Rd8 25. Bxf7 Rf8 26. Bg6+ Kg8 27. Re7 1-0

[Event "Rheinland Pfalz op Seniors 15th"]
[Site "Neustadt an der Weinstrasse"]
[Date "2017.07.18"]
[Round "4"]
[White "Bellingrath, Jens"]
[Black "Bertram, Thomas"]
[Result "1-0"]
[WhiteElo "2054"]
[BlackElo "1773"]
[PlyCount "43"]
[EventDate "2017.07.15"]
[EventType "swiss"]
[EventRounds "9"]
[EventCountry "GER"]
[SourceTitle "EXT 2018"]
[Source "ChessBase"]
[SourceDate "2017.10.13"]
[SourceVersion "1"]
[SourceVersionDate "2017.10.13"]
[SourceQuality "1"]

1. e4 e5 2. Nf3 Nc6 3. Bb5 a6 4. Ba4 Nf6 5. 0-0 b5 6. Bb3 Be7 7. Re1 0-0 8. d4 exd4 9. e5 Ng4 10. h3 Ngxe5 11. Nxe5 Nxe5 12. Rxe5 d6 13. Re1 c5 14. Bd5 Rb8 15. c3 Bf6 16. cxd4 Bxd4 17. Nc3 Qf6 18. Qf3 Qxf3 19. Bxf3 Be6 20. Be3 Bxe3 21. Rxe3 d5 22. Bxd5 1-0

[Event "Erfurt HT op 26th"]
[Site "Erfurt"]
[Date "2016.12.27"]
[Round "3"]
[White "Bertram, Thomas"]
[Black "Reuter, Hans Otto"]
[Result "1/2-1/2"]
[WhiteElo "1776"]
[BlackElo "1904"]
[PlyCount "61"]
[EventDate "2016.12.26"]
[EventType "swiss"]
[EventRounds "8"]
[EventCountry "GER"]
[SourceTitle "EXT 2018"]
[Source "ChessBase"]
[SourceDate "2017.10.13"]
[SourceVersion "1"]
[SourceVersionDate "2017.10.13"]
[SourceQuality "1"]

1. e4 g6 2. d4 Bg7 3. c4 d6 4. Nc3 Nc6 5. Be3 e5 6. d5 Nce7 7. Bd3 f5 8. f4 fxe4 9. Bxe4 Nf5 10. Bxf5 Bxf5 11. Nf3 e4 12. Nd4 Qd7 13. Ncb5 Ne7 14. h3 h5 15. 0-0 a6 16. Ne6 axb5 17. Nxg7+ Kf7 18. Bd4 Rh7 19. Nxf5 gxf5 20. Bc3 bxc4 21. Qd4 b5 22. Rae1 Ng8 23. Re3 h4 24. g4 Re8 25. g5 Kg6 26. Rd1 Qc8 27. a3 Qb7 28. Bb4 Rd7 29. Be1 Qb6 30. Qxb6 cxb6 31. Bxh4 1/2-1/2

[Event "Leipzig VfB op 23rd"]
[Site "Leipzig"]
[Date "2016.03.17"]
[Round "4"]
[White "Petiko, Nikolai"]
[Black "Bertram, Thomas"]
[Result "1/2-1/2"]
[WhiteElo "2042"]
[BlackElo "1751"]
[PlyCount "62"]
[EventDate "2016.03.15"]
[EventType "swiss"]
[EventRounds "9"]
[EventCountry "GER"]
[SourceTitle "EXT 2017"]
[Source "ChessBase"]
[SourceDate "2016.10.25"]
[SourceVersion "1"]
[SourceVersionDate "2016.10.25"]
[SourceQuality "1"]

1. e4 e5 2. Nf3 Nc6 3. Bc4 Nf6 4. d3 Be7 5. 0-0 0-0 6. Bb3 d6 7. c3 Na5 8. Bc2 c5 9. Nbd2 Nc6 10. Re1 b5 11. Nf1 Ne8 12. Ng3 g6 13. Bh6 Ng7 14. h3 Be6 15. Qd2 Qc7 16. Bb3 c4 17. dxc4 Na5 18. Bd1 Nxc4 19. Qe2 Rfc8 20. b3 Nb6 21. Qxb5 Qxc3 22. Be2 Rc5 23. Qd3 Qxd3 24. Bxd3 Rcc8 25. Ba6 Rd8 26. Rac1 Ne8 27. Rc2 Bc8 28. Bxc8 Raxc8 29. Rec1 f6 30. Be3 Rxc2 31. Rxc2 Rc8 1/2-1/2

[Event "Schwarzburg op"]
[Site "Schwarzburg"]
[Date "2005.09.08"]
[Round "2"]
[White "Rupp, Markus"]
[Black "Bertram, Thomas"]
[Result "1-0"]
[WhiteElo "2244"]
[BlackElo "1981"]
[PlyCount "59"]
[EventDate "2005.09.07"]
[EventType "swiss"]
[EventRounds "7"]
[EventCountry "GER"]
[SourceTitle "CBM 108 Extra"]
[Source "ChessBase"]
[SourceDate "2005.11.04"]
[SourceVersion "1"]
[SourceVersionDate "2005.11.04"]
[SourceQuality "1"]

1. d4 d5 2. c4 e6 3. Nc3 c6 4. Nf3 Nf6 5. e3 Nbd7 6. Bd3 dxc4 7. Bxc4 b5 8. Bd3 Bb7 9. 0-0 Be7 10. e4 Nb6 11. e5 Nfd7 12. Qe2 Qc7 13. Bg5 Bxg5 14. Nxg5 h6 15. Qh5 Nf8 16. Nce4 g6 17. Qh4 0-0-0 18. Nd6+ Rxd6 19. exd6 Qd7 20. Rac1 Kb8 21. Rc2 Qd8 22. Nf3 g5 23. Qg3 f5 24. Ne5 f4 25. Qf3 Qf6 26. Nxc6+ Ka8 27. Bxb5 Ng6 28. Qa3 Bxc6 29. Bxc6+ Kb8 30. Qa6 1-0

[Event "Muehlhausen op"]
[Site "Muehlhausen"]
[Date "2005.05.06"]
[Round "4"]
[White "Just, Wolfgang"]
[Black "Bertram, Thomas"]
[Result "1-0"]
[WhiteElo "2185"]
[BlackElo "1981"]
[PlyCount "61"]
[EventDate "2005.05.04"]
[EventType "swiss"]
[EventRounds "7"]
[EventCountry "GER"]
[SourceTitle "EXT 2006"]
[Source "ChessBase"]
[SourceDate "2005.11.24"]
[SourceVersion "1"]
[SourceVersionDate "2005.11.24"]
[SourceQuality "1"]

1. e4 e6 2. d4 d5 3. Nc3 Bb4 4. e5 f5 5. Nh3 c5 6. a3 cxd4 7. axb4 dxc3 8. bxc3 Qc7 9. Qd4 Nc6 10. Bb5 Nge7 11. f4 0-0 12. Qe3 d4 13. Qf2 Nxb4 14. 0-0 dxc3 15. Be3 Nbd5 16. Bc5 Bd7 17. Bd6 Qd8 18. Bxd7 Qxd7 19. Rxa7 Nc6 20. Raa1 Rfe8 21. g4 Nf6 22. Rxa8 Rxa8 23. gxf5 Ne4 24. fxe6 Qxe6 25. Ng5 Qg6 26. Qe3 Nxd6 27. exd6 Re8 28. f5 Qf7 29. Qh3 Qc4 30. Qxh7+ Kf8 31. Ne6+ 1-0

[Event "Muehlhausen op"]
[Site "Muehlhausen"]
[Date "2005.05.05"]
[Round "2"]
[White "Sieber, Stephan"]
[Black "Bertram, Thomas"]
[Result "1-0"]
[WhiteElo "2196"]
[BlackElo "1981"]
[PlyCount "93"]
[EventDate "2005.05.04"]
[EventType "swiss"]
[EventRounds "7"]
[EventCountry "GER"]
[SourceTitle "EXT 2006"]
[Source "ChessBase"]
[SourceDate "2005.11.24"]
[SourceVersion "1"]
[SourceVersionDate "2005.11.24"]
[SourceQuality "1"]

1. e4 e6 2. d4 d5 3. Nc3 c5 4. exd5 cxd4 5. Qxd4 Nc6 6. Bb5 a6 7. dxc6 axb5 8. Qxd8+ Kxd8 9. c7+ Kxc7 10. Nxb5+ Kb6 11. Nc3 Bb4 12. Nge2 Nf6 13. 0-0 Bd7 14. Be3+ Bc5 15. Bxc5+ Kxc5 16. Rfd1 Rhd8 17. Rd2 Bc6 18. Rad1 Rxd2 19. Rxd2 Ne4 20. Nxe4+ Bxe4 21. a3 Bc6 22. Nf4 Re8 23. Nd3+ Kb6 24. Ne5 f6 25. Nxc6 Kxc6 26. f3 Re7 27. Kf2 Kc5 28. Ke3 b5 29. Rd8 Rc7 30. Kd3 e5 31. Ke4 Kb6 32. c3 Kc5 33. Kd3 h6 34. b4+ Kc6 35. a4 bxa4 36. Ra8 Rd7+ 37. Kc2 Kb5 38. Ra5+ Kb6 39. Rxa4 f5 40. Ra5 Re7 41. c4 g5 42. c5+ Kc6 43. Ra6+ Kb5 44. Rb6+ Kc4 45. c6 e4 46. fxe4 Rxe4 47. c7 1-0